000 00254nam a2200109Ia 4500
008 190912s9999||||xx |||||||||||||| ||und||
100 _aGul Shahzad Sarwar
245 0 _aPakistan Affairs
260 _aKarachi
_bAddision
_c1997
300 _a510
942 _cBK
999 _c7509
_d7509